000 01086nam a22002657a 4500
999 _c5601
_d5601
003 AR-CdUCM
008 190312b ||||| |||| 00| 0 eng d
040 _aMUNICIPALIDAD PROVINCIAL DEL CUSCO
_cBIBLIOTECA MUNICIPAL DEL CUSCO
082 _a985.008 /
_bR31
245 _aRealidad nacional /
260 _aLima :
_bRetablo de Papel ediciones,
_c1974.
300 _a547 páginas ;
_c17 cm.
500 _aDonación familia Nieto. I.- El mundo indigena. II.- Historia y sociedad.
505 _aContenido: Nuestros indios -- El problema de la tierra -- Tempestad en los Andes -- El indigenismo en el Perú -- Poder, raza y etnia en el Perú contemporaneo -- Mitos quechuas prehispanicos ...
650 _aIndígenas del Perú.
_95715
650 _a Perú - Condiciones sociales
_916753
650 _aCultura peruana
_91637
700 _aGonzales Prada, Manuel
_92388
700 _aValcarcel, Luis E.
_9628
700 _aMacera, Pablo
_913610
700 _aSalazar Bondy, Augusto
_91562
700 _aOrtega, Julio (selección y notas)
_916754
942 _2ddc
_cLIBROS
945 _aafb